BuildDesk (Record no. 120598)

MARC details
000 -LEADER
fixed length control field 00983cai a22002055a 4500
001 - CONTROL NUMBER
control field L138092
008 - FIXED-LENGTH DATA ELEMENTS--GENERAL INFORMATION
fixed length control field 070516u xxk g 000 0 eng d
035 ## - SYSTEM CONTROL NUMBER
System control number (Sirsi) u138092
041 0# - LANGUAGE CODE
Language code of text/sound track or separate title eng
110 2# - MAIN ENTRY--CORPORATE NAME
Corporate name or jurisdiction name as entry element BuildDesk
9 (RLIN) 5199
245 00 - TITLE STATEMENT
Title BuildDesk
520 ## - SUMMARY, ETC.
Summary, etc. Website of provider of tools, services and consultancy to help customers in the building industry improve the energy efficiency in buildings. Includes details of the BuildDesk software suite and training courses. Also summarises the energy performance of buildings directive (Directive 2002/91/EC) and the relevant Building Regulations for the UK and the Republic of Ireland.
590 ## - LOCAL NOTE (RLIN)
Local note KA
651 #4 - SUBJECT ADDED ENTRY--GEOGRAPHIC NAME
Geographic name United Kingdom
Chronological subdivision
651 #4 - SUBJECT ADDED ENTRY--GEOGRAPHIC NAME
Geographic name REPUBLIC OF IRELAND
690 ## - LOCAL SUBJECT ADDED ENTRY--TOPICAL TERM (OCLC, RLIN)
Topical term or geographic name as entry element BUILT ENVIRONMENT-SUSTAINABLE CONSTRUCTION
690 ## - LOCAL SUBJECT ADDED ENTRY--TOPICAL TERM (OCLC, RLIN)
Topical term or geographic name as entry element ENVIRONMENTAL AND LAND CONSULTANCY-ENERGY-ENERGY USE-ENERGY EFFICIENCY
856 40 - ELECTRONIC LOCATION AND ACCESS
Uniform Resource Identifier <a href="https://www.builddesk.co.uk">https://www.builddesk.co.uk</a>
Public note View the website free of charge at www.builddesk.co.uk...
942 ## - ADDED ENTRY ELEMENTS (KOHA)
Suppress in OPAC 0
Holdings
Withdrawn status Lost status Source of classification or shelving scheme Damaged status Not for loan Home library Current library Shelving location Date acquired Total Checkouts Full call number Barcode Date last seen Copy number Price effective from Koha item type
    Dewey Decimal Classification     Virtual Virtual Online 16/05/2007   WEB SITE 138092-2001 06/08/2019 1 06/08/2019 Online material